| 000 | 01011cam a2200241 i 4500 | ||
|---|---|---|---|
| 001 | 18947149 | ||
| 005 | 20180202075834.0 | ||
| 008 | 160125s2017 at a b 001 0 eng | ||
| 010 | _a 2016931634 | ||
| 020 | _a9781305584754 (pbk) | ||
| 020 | _a1305584759 (pbk) | ||
| 040 |
_aDLC _beng _erda _cDLC |
||
| 041 | _aeng | ||
| 042 | _apcc | ||
| 080 | _a616.073 FRA | ||
| 100 | 1 | _a6 | |
| 101 | _aRAD | ||
| 245 | 1 | 0 |
_aLimited radiography / _cFrances E. Campeau, MA, RT(R)(M), FAEIRS, Professor Emerita of the former University of Louisville Radiologic Technology Program, Jeana Fleitz, MED. RT(R)(M), Founder and Director, X-Ray Lady Continuing Education Company, former Program Administrator and Consultant to the Kentucky Department of Education. |
| 504 | _aIncludes bibliographical references (pages 516-521) and index. | ||
| 906 |
_a7 _bcbc _corignew _d2 _eepcn _f20 _gy-gencatlg |
||
| 942 |
_2ddc _cBK |
||
| 999 |
_c41669 _d41669 |
||